Quiz sur moi 2 - Statistiques

Statistiques générales
  • Ce quiz a été pris 11 fois
  • Le résultat moyen est 8 sur 26
Statistiques - réponses
Hint Réponse % Correct
Quel personnage fait ma blague préférée dans friends Joey
70%
Quel est le personnage que j'aime le moins dans friends Monica Geller
70%
Le nombre de bracelets que j'ai aux poignets 3
60%
Fred et Georges Weasley
40%
Le côté de mon bracelet fête de l'Huma Gauche
40%
Quels sont mes personnages préférés dans Harry Potter Sirius Black
40%
Quel est l'anniversaire de ma mère (DD-MM-AAAA) 28-03-1974
30%
Le code postal de Suresnes 92150
30%
Mon signe ascendant Balance
30%
Cerise
30%
2 de mes légumes préférés CHAMPIGNON
30%
La couleur de mon caleçon en ce moment même Citron
30%
Clarence
30%
Ma marque de chocolat préférée Côte d'or
30%
Le prénom des enfants de la petite soeur de mon père Elouan
30%
Inception
30%
La grande vadrouille
30%
Luna Lovegood
30%
Maélie
30%
Mon poste de base au foot Milieu central
30%
2 de mes fruits préférés Raisin
30%
La ville dans laquelle ma soeur étudie Boulogne-Billancourt
20%
Poivron
20%
La musique que je joue tout le temps au piano Comptine d'un autre été
10%
La marque de mon ordinateur Microsoft
10%
3 de mes films préférés Twist à Bamako
10%
Aucun quiz correspondant
Distribution des résultats
% des personnes avec chaque résultat
Percentile par nombre de réponses
Votre historique - résultats
Vous n’avez pas pris ce quiz